000 00593nam a22002057a 4500
005 20180626160812.0
008 180626b xxu||||| |||| 00| 0 eng d
010 _aB-023908
020 _a8185361320
_c0.00
035 _aB-023908
037 _bBPPD/PUB
040 _aDPL
_bEng
082 _a796.345
100 _aJADHAV, J.N.
245 _aBadminton :
_cJ.N.JADHAV
_bSkills and techniques
260 _aMumbai
_bMarine Sports Publishing
_c2000
270 _a63A, Gokhale Road Dadar
_bNew Delhi
_e400028
300 _a121p.
_c21cm(Hb)
942 _2ddc
_cEN
_h796.345
_mJAD
999 _c153123
_d153123